[Event "DEM U10 2017"]
[Site "Willingen GER"]
[Date "2017.06.06"]
[Round "5"]
[White "Morczynski, Joachim"]
[Black "Fuchs, Thomas"]
[Result "1-0"]
[Termination "normal"]
[Board "8"]
[WhiteElo "1645"]
[BlackElo "1366"]
[WhiteClock "01:10:53"]
[BlackClock "01:01:31"]
[PlyCount "67"]
[WhiteFideId "16209745"]
[BlackFideId "16230574"]
[EventCountry "GER"]
[EventRounds "11"]
[EventType "swiss"]
[EventDate "2017.06.03"]

1. e4 {[%clk 1:15:59]} 1... c5 {[%clk 1:15:55]} 2. Nf3 {[%clk 1:16:24]} 2...
Nc6 {[%clk 1:16:14]} 3. d4 {[%clk 1:16:49]} 3... cxd4 {[%clk 1:16:36]} 4. Nxd4
{[%clk 1:17:13]} 4... g6 {[%clk 1:16:38]} 5. c4 {[%clk 1:17:36]} 5... Bg7 {
[%clk 1:16:39]} 6. Be3 {[%clk 1:17:58]} 6... Nf6 {[%clk 1:16:46]} 7. Nc3 {
[%clk 1:18:21]} 7... O-O {[%clk 1:16:50]} 8. Be2 {[%clk 1:18:40]} 8... d6 {
[%clk 1:16:09]} 9. O-O {[%clk 1:18:55]} 9... Nxd4 {[%clk 1:15:38]} 10. Bxd4 {
[%clk 1:19:14]} 10... Be6 {[%clk 1:15:41]} 11. f3 {[%clk 1:17:07]} 11... a6 {
[%clk 1:15:26]} 12. Be3 {[%clk 1:16:50]} 12... Rc8 {[%clk 1:15:14]} 13. Nd5 {
[%clk 1:14:47]} 13... Nxd5 {[%clk 1:11:18]} 14. exd5 {[%clk 1:14:46]} 14... Bf5
{[%clk 1:10:47]} 15. Bd4 {[%clk 1:13:51]} 15... Bxd4+ {[%clk 1:09:19]} 16. Qxd4
{[%clk 1:14:05]} 16... Qa5 {[%clk 1:05:41]} 17. a3 {[%clk 1:12:32]} 17... Qc5 {
[%clk 1:05:41]} 18. Qxc5 {[%clk 1:12:43]} 18... dxc5 {[%clk 1:05:50]} 19. b4 {
[%clk 1:11:57]} 19... Rfd8 {[%clk 1:04:50]} 20. Rac1 {[%clk 1:11:41]} 20... e6
{[%clk 1:04:50]} 21. g4 {[%clk 1:11:08]} 21... Bxg4 {[%clk 1:01:46]} 22. fxg4 {
[%clk 1:11:29]} 22... exd5 {[%clk 1:02:01]} 23. cxd5 {[%clk 1:11:25]} 23...
Rxd5 {[%clk 1:01:35]} 24. Bc4 {[%clk 1:11:39]} 24... Rd7 {[%clk 1:01:42]} 25.
bxc5 {[%clk 1:11:54]} 25... Kg7 {[%clk 1:01:02]} 26. Bb3 {[%clk 1:11:21]} 26...
Rdc7 {[%clk 1:01:06]} 27. Rf2 {[%clk 1:10:26]} 27... b6 {[%clk 1:00:47]} 28.
Rcf1 {[%clk 1:10:19]} 28... bxc5 {[%clk 1:00:55]} 29. Rxf7+ {[%clk 1:10:18]}
29... Rxf7 {[%clk 1:01:06]} 30. Rxf7+ {[%clk 1:10:41]} 30... Kh6 { [%clk
1:01:18]} 31. h4 {[%clk 1:10:18]} 31... g5 {[%clk 1:00:49]} 32. hxg5+ { [%clk
1:10:12]} 32... Kxg5 {[%clk 1:01:12]} 33. Rxh7 {[%clk 1:10:33]} 33... Kxg4
{[%clk 1:01:31]} 34. Be6+ {[%clk 1:10:53]} 1-0

[Event "DEM U10 2017"]
[Site "Willingen GER"]
[Date "2017.06.06"]
[Round "5"]
[White "Weissenberger, Julius"]
[Black "Schwartz, Oliver"]
[Result "1/2-1/2"]
[Termination "normal"]
[Board "9"]
[WhiteElo "1381"]
[BlackElo "1517"]
[WhiteClock "00:39:43"]
[BlackClock "01:10:09"]
[PlyCount "53"]
[WhiteFideId "16244826"]
[BlackFideId "16207459"]
[EventCountry "GER"]
[EventRounds "11"]
[EventType "swiss"]
[EventDate "2017.06.03"]

1. e4 {[%clk 1:15:58]} 1... c5 {[%clk 1:15:56]} 2. Nf3 {[%clk 1:16:17]} 2... g6
{[%clk 1:16:19]} 3. c3 {[%clk 1:16:26]} 3... Bg7 {[%clk 1:16:20]} 4. d4 { [%clk
1:16:38]} 4... cxd4 {[%clk 1:16:47]} 5. cxd4 {[%clk 1:16:48]} 5... Nc6 { [%clk
1:17:02]} 6. Nc3 {[%clk 1:16:38]} 6... Qb6 {[%clk 1:16:27]} 7. Nd5 { [%clk
1:15:45]} 7... Qd8 {[%clk 1:15:34]} 8. Bc4 {[%clk 1:11:45]} 8... Nf6 { [%clk
1:15:43]} 9. Nxf6+ {[%clk 1:11:11]} 9... Bxf6 {[%clk 1:16:02]} 10. O-O { [%clk
1:11:17]} 10... O-O {[%clk 1:16:16]} 11. Bh6 {[%clk 1:11:22]} 11... Bg7 { [%clk
1:16:08]} 12. Bxg7 {[%clk 1:11:11]} 12... Kxg7 {[%clk 1:16:33]} 13. Qd3 { [%clk
1:10:16]} 13... d6 {[%clk 1:16:01]} 14. Qc3 {[%clk 1:10:12]} 14... Kg8 { [%clk
1:15:38]} 15. Ng5 {[%clk 1:09:15]} 15... Qb6 16. Qf3 {[%clk 1:00:49]} 16...
Nxd4 {[%clk 1:13:23]} 17. Bxf7+ {[%clk 1:00:03]} 17... Kg7 { [%clk 1:13:30]}
18. Qd3 {[%clk 0:56:31]} 18... Rxf7 {[%clk 1:12:52]} 19. Nxf7 { [%clk 0:56:13]}
19... Kxf7 {[%clk 1:12:58]} 20. Rae1 {[%clk 0:53:37]} 20... Qxb2 {[%clk
1:13:07]} 21. Rb1 {[%clk 0:50:26]} 21... Qc3 {[%clk 1:12:32]} 22. Qd1 {[%clk
0:47:08]} 22... Qc4 {[%clk 1:11:48]} 23. Re1 {[%clk 0:45:55]} 23... Nc6 {[%clk
1:11:27]} 24. Qf3+ {[%clk 0:44:37]} 24... Kg7 {[%clk 1:11:14]} 25. Qf4 {[%clk
0:43:40]} 25... Ne5 {[%clk 1:10:46]} 26. Qg5 {[%clk 0:39:43]} 26... Qe6 {[%clk
1:10:09]} 27. f4 1/2-1/2

[Event "DEM U10 2017"]
[Site "Willingen GER"]
[Date "2017.06.06"]
[Round "5"]
[White "Ehrig, Leon Chris"]
[Black "Müller, Maximilian"]
[Result "1-0"]
[Termination "normal"]
[Board "10"]
[WhiteElo "1484"]
[BlackElo "1234"]
[WhiteClock "01:05:27"]
[BlackClock "00:33:13"]
[PlyCount "53"]
[WhiteFideId "16244796"]
[BlackFideId "16243552"]
[EventCountry "GER"]
[EventRounds "11"]
[EventType "swiss"]
[EventDate "2017.06.03"]

1. e4 {[%clk 1:15:58]} 1... e6 {[%clk 1:15:53]} 2. d4 {[%clk 1:16:21]} 2... d5
{[%clk 1:16:15]} 3. exd5 {[%clk 1:16:34]} 3... exd5 {[%clk 1:16:37]} 4. c4 {
[%clk 1:16:38]} 4... c6 {[%clk 1:16:18]} 5. Nc3 {[%clk 1:16:52]} 5... Bb4 {
[%clk 1:16:19]} 6. Bd3 {[%clk 1:16:56]} 6... Nf6 {[%clk 1:16:12]} 7. Nge2 {
[%clk 1:16:51]} 7... O-O {[%clk 1:15:12]} 8. O-O {[%clk 1:17:13]} 8... Be6 {
[%clk 1:14:43]} 9. cxd5 {[%clk 1:17:24]} 9... Nxd5 {[%clk 1:14:05]} 10. a3 {
[%clk 1:17:33]} 10... Nxc3 {[%clk 1:11:57]} 11. bxc3 {[%clk 1:17:25]} 11... Bd6
{[%clk 1:11:20]} 12. Ng3 {[%clk 1:14:33]} 12... Nd7 {[%clk 1:10:12]} 13. Ne4 {
[%clk 1:12:40]} 13... Qc7 {[%clk 1:02:31]} 14. Qh5 {[%clk 1:11:19]} 14... Be7 {
[%clk 0:50:04]} 15. Bg5 {[%clk 1:08:18]} 15... Bxg5 {[%clk 0:41:05]} 16. Nxg5 {
[%clk 1:08:18]} 16... Nf6 {[%clk 0:41:24]} 17. Bxh7+ {[%clk 1:06:40]} 17... Kh8
{[%clk 0:40:38]} 18. Qh4 {[%clk 1:06:51]} 18... Bd5 {[%clk 0:38:11]} 19. Bf5+ {
[%clk 1:05:20]} 19... Kg8 {[%clk 0:38:18]} 20. Nh7 {[%clk 1:05:25]} 20... Ne8 {
[%clk 0:36:44]} 21. Nxf8 {[%clk 1:05:32]} 21... Kxf8 {[%clk 0:36:51]} 22. Rfe1
{[%clk 1:05:13]} 22... f6 {[%clk 0:36:13]} 23. Bg6 {[%clk 1:05:33]} 23... Nd6 {
[%clk 0:36:15]} 24. Qh8+ {[%clk 1:05:37]} 24... Bg8 {[%clk 0:36:34]} 25. Re2 {
[%clk 1:05:08]} 25... Qb6 {[%clk 0:33:53]} 26. Rae1 {[%clk 1:05:19]} 26... Qb3
{[%clk 0:33:13]} 27. Re7 {[%clk 1:05:27]} 1-0

[Event "DEM U10 2017"]
[Site "Willingen GER"]
[Date "2017.06.06"]
[Round "5"]
[White "Strehse, Nelson"]
[Black "Hecht, Jonas Christian"]
[Result "1/2-1/2"]
[Termination "normal"]
[Board "11"]
[WhiteElo "1042"]
[BlackElo "1465"]
[WhiteClock "00:40:19"]
[BlackClock "00:39:09"]
[PlyCount "62"]
[WhiteFideId "16228898"]
[BlackFideId "16214846"]
[EventCountry "GER"]
[EventRounds "11"]
[EventType "swiss"]
[EventDate "2017.06.03"]

1. e4 {[%clk 1:15:58]} 1... e5 {[%clk 1:15:50]} 2. Nf3 {[%clk 1:16:16]} 2...
Nc6 {[%clk 1:16:15]} 3. Bc4 {[%clk 1:16:36]} 3... Bc5 {[%clk 1:16:40]} 4. c3 {
[%clk 1:16:46]} 4... Nf6 {[%clk 1:17:01]} 5. d4 {[%clk 1:17:00]} 5... exd4 {
[%clk 1:17:26]} 6. cxd4 {[%clk 1:17:14]} 6... Bb4+ {[%clk 1:17:46]} 7. Nc3 {
[%clk 1:17:09]} 7... Nxe4 {[%clk 1:16:47]} 8. O-O {[%clk 1:17:24]} 8... Bxc3 {
[%clk 1:17:02]} 9. bxc3 {[%clk 1:17:28]} 9... O-O {[%clk 1:17:06]} 10. Bd3 {
[%clk 1:12:53]} 10... Nf6 {[%clk 1:15:28]} 11. Bg5 {[%clk 1:12:03]} 11... d6 {
[%clk 1:13:33]} 12. Qb1 {[%clk 1:10:17]} 12... h6 {[%clk 1:12:53]} 13. Bh4 {
[%clk 1:09:36]} 13... Rb8 {[%clk 1:11:10]} 14. c4 {[%clk 1:07:03]} 14... Bg4 {
[%clk 1:10:53]} 15. Be4 {[%clk 0:56:46]} 15... Bxf3 {[%clk 1:10:40]} 16. Bxf3 {
[%clk 0:56:59]} 16... Nxd4 {[%clk 1:10:52]} 17. Bxb7 {[%clk 0:56:43]} 17... Nc6
{[%clk 1:10:45]} 18. Qb2 {[%clk 0:55:48]} 18... Na5 {[%clk 1:10:32]} 19. Bxf6 {
[%clk 0:55:48]} 19... gxf6 {[%clk 1:10:54]} 20. Qd2 {[%clk 0:54:01]} 20... Rxb7
{[%clk 0:57:53]} 21. Rac1 {[%clk 0:51:48]} 21... Nc6 {[%clk 0:47:54]} 22. Rc3 {
[%clk 0:48:57]} 22... Ne5 {[%clk 0:46:20]} 23. Qxh6 {[%clk 0:48:48]} 23... Ng6
{[%clk 0:46:31]} 24. Rh3 {[%clk 0:48:58]} 24... Re8 {[%clk 0:46:44]} 25. Qh7+ {
[%clk 0:46:39]} 25... Kf8 {[%clk 0:47:00]} 26. f4 {[%clk 0:45:37]} 26... c6 {
[%clk 0:42:24]} 27. Rg3 {[%clk 0:42:51]} 27... a5 {[%clk 0:41:41]} 28. Rxg6 {
[%clk 0:42:45]} 28... Qb6+ {[%clk 0:40:27]} 29. Kh1 {[%clk 0:41:34]} 29... fxg6
{[%clk 0:40:17]} 30. Qh8+ {[%clk 0:40:43]} 30... Kf7 {[%clk 0:38:45]} 31. Qh7+
{[%clk 0:40:19]} 31... Kf8 {[%clk 0:39:09]} 1/2-1/2

[Event "DEM U10 2017"]
[Site "Willingen GER"]
[Date "2017.06.06"]
[Round "5"]
[White "Bakiev, Diyor"]
[Black "Phan Trong, Dai"]
[Result "1/2-1/2"]
[Termination "normal"]
[Board "12"]
[WhiteElo "1111"]
[BlackElo "1392"]
[WhiteClock "01:08:22"]
[BlackClock "00:49:26"]
[PlyCount "71"]
[WhiteFideId "16241584"]
[BlackFideId "16236939"]
[EventCountry "GER"]
[EventRounds "11"]
[EventType "swiss"]
[EventDate "2017.06.03"]

1. e4 {[%clk 1:15:59]} 1... e5 2. Nf3 {[%clk 1:16:20]} 2... Nc6 {[%clk 1:16:22]
} 3. Bc4 {[%clk 1:16:46]} 3... Bc5 {[%clk 1:16:40]} 4. c3 {[%clk 1:17:10]} 4...
Nf6 {[%clk 1:17:00]} 5. d4 {[%clk 1:17:35]} 5... exd4 {[%clk 1:17:24]} 6. e5 {
[%clk 1:17:39]} 6... Qe7 {[%clk 1:07:56]} 7. O-O 7... dxc3 {[%clk 0:57:29]} 8.
exf6 {[%clk 1:15:56]} 8... Qxf6 {[%clk 0:56:29]} 9. Re1+ {[%clk 1:16:06]} 9...
Ne7 {[%clk 0:56:16]} 10. Nxc3 {[%clk 1:16:14]} 10... O-O {[%clk 0:55:30]} 11.
Bg5 {[%clk 1:16:14]} 11... Qb6 {[%clk 0:54:37]} 12. Qc2 {[%clk 1:15:24]} 12...
Ng6 {[%clk 0:54:01]} 13. Nd5 {[%clk 1:14:36]} 13... Qc6 {[%clk 0:52:07]} 14.
Be7 {[%clk 1:13:57]} 14... Bxe7 {[%clk 0:51:10]} 15. Nxe7+ {[%clk 1:13:40]}
15... Nxe7 {[%clk 0:51:06]} 16. Rxe7 {[%clk 1:14:06]} 16... d5 {[%clk 0:48:56]}
17. Bd3 {[%clk 1:13:36]} 17... Qxc2 {[%clk 0:49:10]} 18. Bxc2 {[%clk 1:14:01]}
18... c6 {[%clk 0:48:44]} 19. b4 {[%clk 1:12:33]} 19... Rb8 {[%clk 0:48:24]}
20. Rae1 {[%clk 1:12:27]} 20... Be6 {[%clk 0:47:23]} 21. Nd4 {[%clk 1:11:46]}
21... Rfe8 {[%clk 0:46:40]} 22. Rxe8+ {[%clk 1:11:32]} 22... Rxe8 { [%clk
0:46:11]} 23. f4 {[%clk 1:11:39]} 23... g6 {[%clk 0:46:29]} 24. f5 { [%clk
1:11:47]} 24... gxf5 {[%clk 0:46:43]} 25. Bxf5 {[%clk 1:12:10]} 25... Bd7
{[%clk 0:47:10]} 26. Rxe8+ {[%clk 1:12:21]} 26... Bxe8 {[%clk 0:47:36]} 27. Bc8
{[%clk 1:12:42]} 27... b6 {[%clk 0:47:53]} 28. Nb3 {[%clk 1:12:17]} 28... Kf8 {
[%clk 0:48:14]} 29. Kf2 {[%clk 1:12:20]} 29... Ke7 {[%clk 0:48:40]} 30. Bf5 {
[%clk 1:12:03]} 30... h6 {[%clk 0:49:00]} 31. Ke3 {[%clk 1:12:06]} 31... Kd6 {
[%clk 0:49:20]} 32. Kd4 {[%clk 1:10:36]} 32... f6 {[%clk 0:49:04]} 33. g4 {
[%clk 1:10:30]} 33... Bf7 {[%clk 0:48:54]} 34. h4 {[%clk 1:09:18]} 34... Be8 {
[%clk 0:49:01]} 35. h5 {[%clk 1:09:30]} 35... Bf7 {[%clk 0:49:26]} 36. a3 {
[%clk 1:08:22]} 1/2-1/2

[Event "DEM U10 2017"]
[Site "Willingen GER"]
[Date "2017.06.06"]
[Round "5"]
[White "Böhm, Karl"]
[Black "Zweigait, Leon"]
[Result "1-0"]
[Termination "normal"]
[Board "13"]
[WhiteElo "1516"]
[BlackElo "1442"]
[PlyCount "97"]
[WhiteFideId "16209800"]
[BlackFideId "16201388"]
[EventCountry "GER"]
[EventRounds "11"]
[EventType "swiss"]
[EventDate "2017.06.03"]

1. e4 d5 2. exd5 Nf6 3. d4 Qxd5 4. Nc3 Qd6 5. Nf3 a6 6. Be2 Bf5 7. O-O e6 8.
Ne5 c5 9. Nf3 Nc6 10. dxc5 Qxd1 11. Rxd1 Bxc5 12. Bd3 Bg4 13. Be2 Nb4 14. h3
Bf5 15. Na4 Ne4 16. Bd3 O-O-O 17. Nxc5 Nxc5 18. Ne5 Rhf8 19. Bf4 f6 20. Nc4 e5
21. Bxf5+ Kc7 22. Be3 b6 23. Bxc5 bxc5 24. Bxh7 Rh8 25. Bf5 Rh5 26. Rxd8 Kxd8
27. Rd1+ Ke8 28. Nd6+ Kf8 29. Bg6 Rh6 30. Be4 a5 31. Nb7 g6 32. Nxc5 f5 33. Bd3
e4 34. Bc4 Nxc2 35. a3 e3 36. Kf1 Rh4 37. Ne6+ Ke7 38. Bb3 Re4 39. Ke2 exf2+
40. Kxf2 Ne3 41. Re1 a4 42. Rxe3 axb3 43. Rxe4 fxe4 44. Nc5 Kd6 45. Nxe4+ Kd5
46. Nd2 Kc6 47. Nxb3 Kb6 48. g4 g5 49. Nd4 1-0

[Event "DEM U10 2017"]
[Site "Willingen GER"]
[Date "2017.06.06"]
[Round "5"]
[White "Stork, Christopher"]
[Black "Hänselmann, Hendrik"]
[Result "0-1"]
[Termination "normal"]
[Board "14"]
[WhiteElo "1630"]
[BlackElo "1461"]
[PlyCount "66"]
[WhiteFideId "16215400"]
[BlackFideId "16232755"]
[EventCountry "GER"]
[EventRounds "11"]
[EventType "swiss"]
[EventDate "2017.06.03"]

1. e4 c6 2. d4 d5 3. e5 Bf5 4. Nf3 e6 5. c3 Ne7 6. Be2 Nd7 7. O-O c5 8. Nbd2
Nc6 9. Re1 Be7 10. Nf1 O-O 11. Ng3 Bg6 12. Be3 Qc7 13. a3 Rac8 14. Qd2 Rfd8 15.
Rac1 Na5 16. Bd1 Nc4 17. Qe2 Qb6 18. b4 cxb4 19. axb4 Rc7 20. Bb3 Rdc8 21. Bxc4
Rxc4 22. Bd2 Qc7 23. Nf1 a6 24. Ne3 Rc6 25. h3 Be4 26. Ng4 Bxf3 27. Qxf3 Nb6
28. Red1 Nc4 29. Be1 Nb2 30. Rd2 Na4 31. Ra2 Nxc3 32. Bxc3 Rxc3 33. Rxc3 Qxc3
0-1

[Event "DEM U10 2017"]
[Site "Willingen GER"]
[Date "2017.06.06"]
[Round "5"]
[White "Greßler, Christian"]
[Black "von Mettenheim, Johannes"]
[Result "0-1"]
[Termination "normal"]
[Board "16"]
[WhiteElo "1198"]
[BlackElo "1407"]
[PlyCount "56"]
[WhiteFideId "16244907"]
[BlackFideId "16244818"]
[EventCountry "GER"]
[EventRounds "11"]
[EventType "swiss"]
[EventDate "2017.06.03"]

1. e4 c6 2. Nf3 d5 3. Nc3 e6 4. d3 Nf6 5. Bd2 Be7 6. e5 Nfd7 7. d4 c5 8. Be3
Nc6 9. Bb5 Qb6 10. Bxc6 bxc6 11. Rb1 cxd4 12. Bxd4 c5 13. Be3 d4 14. Nxd4 cxd4
15. Bxd4 Qc6 16. O-O Bb7 17. f3 O-O 18. b4 a6 19. a4 Rfd8 20. Qe2 Nb6 21. Qf2
Nd5 22. Rb3 Nxb4 23. Rc1 Rxd4 24. Qxd4 Bc5 25. Rxb4 Bxd4+ 26. Rxd4 Qxc3 27.
Rcd1 g6 28. Rd7 Bd5 0-1

[Event "DEM U10 2017"]
[Site "Willingen GER"]
[Date "2017.06.06"]
[Round "5"]
[White "Kageler, Anton Paul"]
[Black "Breitkopf-Lazar, Patrick-Robert"]
[Result "0-1"]
[Termination "normal"]
[Board "17"]
[WhiteElo "1341"]
[BlackElo "1297"]
[PlyCount "65"]
[WhiteFideId "16244850"]
[BlackFideId "16213742"]
[EventCountry "GER"]
[EventRounds "11"]
[EventType "swiss"]
[EventDate "2017.06.03"]

1. e4 e5 2. Nf3 Nc6 3. Bc4 Nf6 4. d4 exd4 5. Ng5 d5 6. exd5 b5 7. Bb3 Na5 8.
Qe2+ Qe7 9. Qxe7+ Bxe7 10. d6 Nxb3 11. cxb3 Bxd6 12. O-O O-O 13. Rd1 Re8 14.
Nf3 c5 15. Bg5 Ne4 16. Re1 Bb7 17. Nbd2 Nxg5 18. Nxg5 h6 19. Nge4 Bf8 20. Kf1
Re6 21. Rac1 Rae8 22. Ng3 Rxe1+ 23. Rxe1 Bxg2+ 24. Kxg2 Rxe1 25. Nge4 Re2 26.
Kf1 d3 27. h3 f5 28. Nc3 Rxd2 29. Ke1 Rxb2 30. h4 b4 31. Na4 Rxa2 32. f4 c4 33.
bxc4 0-1

[Event "DEM U10 2017"]
[Site "Willingen GER"]
[Date "2017.06.06"]
[Round "5"]
[White "Petzke, Julian"]
[Black "Bolz, Jannis"]
[Result "1-0"]
[Termination "normal"]
[Board "18"]
[WhiteElo "1279"]
[BlackElo "1333"]
[PlyCount "135"]
[WhiteFideId "16244885"]
[BlackFideId "16214897"]
[EventCountry "GER"]
[EventRounds "11"]
[EventType "swiss"]
[EventDate "2017.06.03"]

1. e4 e5 2. Nf3 Nc6 3. Bc4 Bc5 4. c3 Nf6 5. d3 O-O 6. O-O d6 7. b4 Bb6 8. Bg5
h6 9. Be3 Bxe3 10. fxe3 a5 11. b5 Ne7 12. Nbd2 Ng6 13. Re1 Bg4 14. h3 Bxf3 15.
Nxf3 Re8 16. Qe2 a4 17. Qf2 Rf8 18. Qg3 Kh8 19. Rf1 Qd7 20. a3 Rae8 21. Rab1 d5
22. exd5 Nxd5 23. Bxd5 Qxd5 24. Rfd1 Qc5 25. Rb4 Qxe3+ 26. Qf2 Qxf2+ 27. Kxf2
f6 28. Rxa4 Ra8 29. Rc4 Rfc8 30. Ra1 Ra5 31. a4 c5 32. d4 b6 33. dxc5 bxc5 34.
Ke3 Nf4 35. Ne1 Kg8 36. Ke4 Ra7 37. a5 Ne6 38. Nd3 Kf7 39. a6 Rb8 40. Rb1 Rc8
41. Ra4 c4 42. Ke3 cxd3 43. b6 Rxa6 44. Rxa6 Rb8 45. b7 Nc5 46. Rab6 Ke7 47.
R1b5 Na4 48. Ra6 Nxc3 49. Rb4 d2 50. Kxd2 Ne4+ 51. Ke2 Nc5 52. Ra8 Nd7 53. Rxb8
Nxb8 54. Rc4 Nd7 55. Rc7 Kd6 56. Rxd7+ Kxd7 57. b8=Q Ke6 58. Qc8+ Kf7 59. Qd7+
Kg6 60. Kf3 Kh7 61. Kg4 e4 62. Qf5+ Kh8 63. Kh5 Kg8 64. Qe6+ Kh7 65. Qxe4+ Kg8
66. Kg6 Kf8 67. Qe6 h5 68. Qf7# 1-0

[Event "DEM U10 2017"]
[Site "Willingen GER"]
[Date "2017.06.06"]
[Round "5"]
[White "Althaus, Lennart"]
[Black "Fathke, Luke"]
[Result "0-1"]
[Termination "normal"]
[Board "19"]
[WhiteElo "1161"]
[BlackElo "1327"]
[PlyCount "148"]
[WhiteFideId "16244923"]
[BlackFideId "16230230"]
[EventCountry "GER"]
[EventRounds "11"]
[EventType "swiss"]
[EventDate "2017.06.03"]

1. e4 e5 2. Nf3 Nc6 3. Bc4 Bc5 4. c3 d6 5. d3 Nf6 6. Nbd2 Be6 7. Bb3 h6 8. h3
Qd7 9. Nf1 O-O 10. g4 Ne7 11. Ng3 Ng6 12. d4 Bxb3 13. Qxb3 Bb6 14. Nf5 exd4 15.
cxd4 Nxe4 16. O-O Nf6 17. Re1 Rfe8 18. Bd2 Rxe1+ 19. Rxe1 Re8 20. Rxe8+ Qxe8
21. Be3 Qd7 22. d5 Ne5 23. N5d4 Nxf3+ 24. Nxf3 Kh7 25. Qc3 g6 26. Bxb6 Nxd5 27.
Qa5 Nxb6 28. Qxa7 Qc6 29. Qa3 Qa4 30. Qc3 c6 31. g5 Nd5 32. Qe1 Qf4 33. Kg2
hxg5 34. Qe2 Qf5 35. Kg3 Qf4+ 36. Kg2 Qh4 37. Qf1 Qe4 38. Kg3 Qf4+ 39. Kg2 Kg7
40. Qe2 g4 41. hxg4 Qxg4+ 42. Kf1 Nf4 43. Qe3 Qh3+ 44. Ke1 Ng2+ 45. Ke2 Nxe3
46. Kxe3 Qe6+ 47. Kd2 Qxa2 48. Kc2 Qc4+ 49. Kd1 Qb3+ 50. Ke2 Qxb2+ 51. Nd2 d5
52. Kd3 Qxd2+ 53. Kxd2 c5 54. Kc3 b5 55. Kc2 Kf6 56. f4 Kf5 57. Kd3 b4 58. Kc2
c4 59. Kd2 Kxf4 60. Ke2 d4 61. Kd2 b3 62. Kc1 c3 63. Kb1 g5 64. Kc1 g4 65. Kd1
Ke3 66. Ke1 b2 67. Kf1 b1=Q+ 68. Kg2 Qc2+ 69. Kg3 Qf2+ 70. Kxg4 Ke4 71. Kg5 Qf3
72. Kh4 Qg2 73. Kh5 Qg3 74. Kh6 Qg6# 0-1

[Event "DEM U10 2017"]
[Site "Willingen GER"]
[Date "2017.06.06"]
[Round "5"]
[White "Tran Minh, Hieu"]
[Black "Schott, Andy"]
[Result "1/2-1/2"]
[Termination "normal"]
[Board "20"]
[WhiteElo "1315"]
[BlackElo "1143"]
[PlyCount "48"]
[WhiteFideId "16244877"]
[BlackFideId "16244940"]
[EventCountry "GER"]
[EventRounds "11"]
[EventType "swiss"]
[EventDate "2017.06.03"]

1. e4 e5 2. Nf3 Nc6 3. Bc4 Bc5 4. c3 Nf6 5. d3 d6 6. O-O Bg4 7. h3 Bh5 8. Be3
Bb6 9. Nbd2 O-O 10. Re1 h6 11. Nf1 Re8 12. Ng3 Bg6 13. Bxb6 axb6 14. Nh4 Bh7
15. Nhf5 Bxf5 16. Nxf5 Ne7 17. Nh4 c6 18. Qf3 b5 19. Bb3 b6 20. a3 c5 21. Rad1
Qc7 22. Kh1 c4 23. Ba2 Ra7 24. Qe2 Rc8 1/2-1/2

[Event "DEM U10 2017"]
[Site "Willingen GER"]
[Date "2017.06.06"]
[Round "5"]
[White "Fink, Moritz"]
[Black "May, Alexander"]
[Result "1-0"]
[Termination "normal"]
[Board "22"]
[WhiteElo "1162"]
[BlackElo "1112"]
[PlyCount "145"]
[WhiteFideId "16235711"]
[BlackFideId "16244974"]
[EventCountry "GER"]
[EventRounds "11"]
[EventType "swiss"]
[EventDate "2017.06.03"]

1. e4 c5 2. Nc3 a6 3. f4 e6 4. Bc4 b5 5. Be2 Bb7 6. d3 d5 7. exd5 exd5 8. Nf3
Nf6 9. O-O Be7 10. d4 Nc6 11. Re1 O-O 12. Bf1 Re8 13. Ne2 Rc8 14. Ng3 cxd4 15.
Kh1 Ne4 16. Nxe4 dxe4 17. Rxe4 Bf6 18. Rxe8+ Qxe8 19. Bd3 Qe6 20. Bd2 g6 21.
Qe2 Qxe2 22. Bxe2 Re8 23. Bd3 Kg7 24. h3 Bc8 25. Re1 Rd8 26. g4 Bb7 27. Kg2 h6
28. h4 Be7 29. Be4 Rd7 30. Kg3 Bd6 31. c3 dxc3 32. Bxc3+ f6 33. g5 hxg5 34.
hxg5 Be7 35. Bxc6 Bxc6 36. Rxe7+ Rxe7 37. gxf6+ Kf7 38. fxe7 Kxe7 39. Ne5 Be4
40. Kf2 Ke6 41. Ke3 Kf5 42. Nxg6 Bb1 43. Ne7+ Ke6 44. Nc6 Bxa2 45. Nb4 Bc4 46.
Nxa6 Kf5 47. Be5 Ke6 48. Kd4 Kf5 49. Kc5 Ke6 50. Nc7+ Kf5 51. Nxb5 Bf7 52. Nd6+
Ke6 53. Nxf7 Kxf7 54. b4 Ke7 55. Kc6 Kd8 56. b5 Kc8 57. b6 Kd8 58. b7 Ke7 59.
b8=Q Ke6 60. f5+ Kxf5 61. Qf8+ Kxe5 62. Qd8 Ke4 63. Qd2 Ke5 64. Qd3 Ke6 65.
Qe3+ Kf6 66. Kd6 Kf5 67. Qe5+ Kg6 68. Qf4 Kg7 69. Ke6 Kg8 70. Ke7 Kg7 71. Qg4+
Kh7 72. Kf7 Kh8 73. Qg7# 1-0

[Event "DEM U10 2017"]
[Site "Willingen GER"]
[Date "2017.06.06"]
[Round "5"]
[White "Grabs, Peter"]
[Black "Krüger, Arthur"]
[Result "1-0"]
[Termination "normal"]
[Board "24"]
[WhiteElo "1281"]
[BlackElo "1116"]
[PlyCount "103"]
[WhiteFideId "16203887"]
[BlackFideId "16244966"]
[EventCountry "GER"]
[EventRounds "11"]
[EventType "swiss"]
[EventDate "2017.06.03"]

1. e4 e5 2. Nf3 Nc6 3. Bc4 Bc5 4. O-O Nf6 5. d3 O-O 6. Nc3 h6 7. Be3 Bb6 8. Na4
Bxe3 9. fxe3 Na5 10. Bb3 Nxb3 11. axb3 d5 12. exd5 Qxd5 13. e4 Qd6 14. Qd2 Bg4
15. Nc3 b5 16. Qf2 b4 17. Ne2 a5 18. Ng3 Rfe8 19. h3 Bd7 20. Nh4 Qc6 21. Nhf5
a4 22. bxa4 Rxa4 23. Rxa4 Qxa4 24. b3 Qc6 25. Nxh6+ gxh6 26. Qxf6 Qxf6 27. Rxf6
Kg7 28. Ra6 Kh7 29. Ra7 Rc8 30. Rb7 Kg6 31. Rxb4 Kg5 32. Ne2 c5 33. Rb7 Be6 34.
Nc3 Kf4 35. Kf2 h5 36. Nb5 Rc6 37. g3+ Kg5 38. h4+ Kg6 39. Rc7 Rxc7 40. Nxc7
Bg4 41. Ke1 Kf6 42. Na6 c4 43. bxc4 Ke6 44. Kd2 Kd6 45. c3 Kc6 46. d4 Kb6 47.
Nb4 exd4 48. cxd4 Kc7 49. Nd5+ Kd6 50. Nf6 Kc6 51. Nxg4 hxg4 52. h5 1-0

[Event "DEM U10 2017"]
[Site "Willingen GER"]
[Date "2017.06.06"]
[Round "5"]
[White "Sommer, Justus"]
[Black "Meusel, Johannes"]
[Result "1/2-1/2"]
[Termination "normal"]
[Board "25"]
[WhiteElo "1081"]
[BlackElo "1212"]
[PlyCount "112"]
[WhiteFideId "16245008"]
[BlackFideId "16244893"]
[EventCountry "GER"]
[EventRounds "11"]
[EventType "swiss"]
[EventDate "2017.06.03"]

1. e4 e5 2. Nf3 Nc6 3. Nc3 Nf6 4. d4 exd4 5. Nxd4 Bb4 6. Nxc6 bxc6 7. Bd3 d5 8.
exd5 cxd5 9. O-O O-O 10. Bg5 c6 11. a3 Bxc3 12. bxc3 Qd6 13. c4 d4 14. Re1 c5
15. Qf3 Bg4 16. Qf4 Qxf4 17. Bxf4 Nd7 18. Be4 Rad8 19. Bd6 Rfe8 20. Bc6 Rxe1+
21. Rxe1 Nb6 22. Bxc5 Nxc4 23. Re8+ Rxe8 24. Bxe8 Bf5 25. Ba4 Nb6 26. Bb3 d3
27. cxd3 Bxd3 28. f3 g6 29. Kf2 Nc4 30. Bxc4 Bxc4 31. Bxa7 f5 32. a4 Kf7 33. a5
Ke6 34. Ke3 Bf1 35. g3 g5 36. Bb6 g4 37. f4 h5 38. Kd4 Ba6 39. Kc5 Bb7 40. Bd8
Kd7 41. Bh4 Kc7 42. Kb5 Bc6+ 43. Kc5 Bb7 44. Bf6 Be4 45. Kb4 Bf3 46. Bd4 Kb7
47. Bb6 Bc6 48. Kc5 Be4 49. Kd6 Bf3 50. Ke6 Be4 51. Kf6 Bd3 52. Kg6 Be4 53.
Kxh5 Bd3 54. Kh4 Bf1 55. h3 gxh3 56. Bg1 Ka6 1/2-1/2